| 000 | 005020000a22001930004500 | ||
|---|---|---|---|
| 001 | 003639 | ||
| 003 | MACL | ||
| 005 | 20150913153522.0 | ||
| 008 | 150913b xxu||||| |||| 00| 0 eng d | ||
| 040 |
_aMACL _cMACL |
||
| 041 | _aEnglish | ||
| 082 | _a823/CHA | ||
| 100 |
_aChadiramani, G.L. _910871 |
||
| 245 |
_aThe Hitopadesha _bAn Ancient Fabled Classic _cG.L. Chadiramani |
||
| 260 |
_aBombay _c1995 _bJaico Publishing House, |
||
| 350 | _a95 | ||
| 650 |
_aLiterature _910872 |
||
| 942 |
_k823 _cBK _2ddc |
||
| 999 |
_c15536 _d15536 |
||